| 000 | 00737cam a22002298i 4500 | ||
|---|---|---|---|
| 999 |
_c7618 _d7618 |
||
| 003 | OSt | ||
| 005 | 20200317104535.0 | ||
| 008 | 160401s2016 cau b 001 0 eng | ||
| 020 | _a9789351509981 (pbk. : alk. paper) | ||
| 040 |
_aDNAL/DLC _beng _erda _cDNAL |
||
| 082 | 0 | 0 |
_a307.116 _223 _bKAT |
| 100 | 1 |
_aSingh, Katar, _d1939- _eauthor. |
|
| 245 | 1 | 0 |
_aRural development : _bprinciples, policies and management / _cKatar Singh and Anil Shishodia. |
| 250 | _a[Revised 4th edition]. | ||
| 263 | _a1608 | ||
| 300 | _apages cm | ||
| 504 | _aIncludes bibliographical references and index. | ||
| 650 | 0 | _aRural development. | |
| 650 | 0 |
_aRural development _zIndia _vCase studies. |
|
| 700 | 1 |
_aShishodia, Anil, _d1962- _eauthor. |
|
| 942 | _2ddc | ||